000 00746nam a22002057a 4500
999 _c10654
_d10654
003 AR-CdUCM
008 190401b ||||| |||| 00| 0 spa d
040 _aMUNICIPALIDAD PROVINCIAL DEL CUSCO
_cBIBLIOTECA MUNICIPAL DEL CUSCO
082 _aEP / 372.460 /
_bM61
110 _aMinisterio de educación
_97870
245 _aAprestamiento :
_bCuaderno de trabajo para el alumno de primer grado de educación primaria /
260 _aLima :
_bMinisterio de educación,
_c1989.
300 _a104 páginas ;
_bIlustraciones,
_c25 cm.
505 _aContenido: Libro de aprestamiento primaria.
650 _aLIbro de aprestamiento primaria
_927625
650 _aLibro de trabajo
_927626
650 _aPerú
_935
942 _2ddc
_cLIBROS
945 _adavv